Normal view
MARC view
Entry Personal Name
001 - CONTROL NUMBER
- control field: 33182
003 - CONTROL NUMBER IDENTIFIER
- control field: MY-SjTCS
005 - DATE AND TIME OF LATEST TRANSACTION
- control field: 20191205122808.0
008 - FIXED-LENGTH DATA ELEMENTS
- fixed length control field: 090402 n a|n||aab| n a|a d
039 #9 -
- : 200904021149
- : shuhada
040 ## - CATALOGING SOURCE
- Original cataloging agency: MY-SjTCS
- Transcribing agency: MY-SjTCS
100 1# - HEADING--PERSONAL NAME
- Personal name: Föllmi, Danielle.
999 ## -
- : VIRTUA40 x
999 ## -
- : VTLSSORT0080*1000*9991